Normal view MARC view

Entry Geographic Name

Number of records used in: 1

001 - CONTROL NUMBER

  • control field: 47614

003 - CONTROL NUMBER IDENTIFIER

  • control field: AUA.1

005 - DATE AND TIME OF LATEST TRANSACTION

  • control field: 20141104105044.0

008 - FIXED-LENGTH DATA ELEMENTS

  • fixed length control field: 141104|||a|||||| | ||| d

040 ## - CATALOGING SOURCE

  • Original cataloging agency: AUA.1
  • Transcribing agency: AUA.1

151 ## - HEADING--GEOGRAPHIC NAME

  • Geographic name: Ethiopia
  • Geographic subdivision: Salfe

670 ## - SOURCE DATA FOUND

  • Source citation: Work cat.: (AUA.1): Shibibo Tadesse Erassa 47612, Bringing Gradual and Radical Change Change in Tithe income in Salfe Seventh-day Adventist Church /